00661nam a22002057a 450000500170000001000150001702000260003202000230005803500140008103700130009508200160010824501080012426000460023227000650027830000270034350000220037070000180039270000240041070000210043420180210144851.0 aENG-122230 a9780199476084c650.00 a019947608Xc650.00 aEN-105762 bDBAD/PUB a338.0640954 aIndia as a pioneer of innovation /cedited by Harbir singh, Ananth Padmanabhan [and] Ezekiel J. Emanuel aNew DelhibOxford University Presscc2017 a2/11 Ground floor, Ansari Road, DaryaganjbNew Delhie110002 axxiii, 226p.b23cm(Hb) aIt includes index aSingh, Harbir aPadmanabhan, Ananth aEmanuel, Ezekiel